000 00703nam a2200289Ia 4500
005 20260324150035.0
008 008 260324s9999 xx 000 0 eng d
020 _a9781315133966
037 _aEBOOK
040 _aCRL
040 _beng
040 _cCRL
041 _2eng
041 _aeng
084 _qCRL
100 _aArthur H. Shaffer
_91225059
245 4 _aThe Politics of History
245 0 _bWriting the History of the American Revolution, 1783-1815
260 _bTaylor and Francis
260 _c1975
365 _a
365 _b210
856 _uhttp://www.taylorfrancis.com/books/9781315133966
942 _cEBOOK
999 _c1833843
_d1833843